Normal view
MARC view
- تاليف، طه، عبد الواحد ذنون
Entry Personal Name
001 - CONTROL NUMBER
- control field: 13550
003 - CONTROL NUMBER IDENTIFIER
- control field: JO-AjAnu
005 - DATE AND TIME OF LATEST TRANSACTION
- control field: 20230606072451.0
008 - FIXED-LENGTH DATA ELEMENTS
- fixed length control field: 230606|| aca||aabn | a|a d
040 ## - CATALOGING SOURCE
- Original cataloging agency: JO-AjAnu
- Transcribing agency: JO-AjAnu
100 ## - HEADING--PERSONAL NAME
- Personal name: تاليف، طه، عبد الواحد ذنون
670 ## - SOURCE DATA FOUND
- Source citation: Work cat.: (JO-AjAnu)6971: تاليف، طه، عبد الواحد ذنون, author, حركة المقاومة العربية الاسلامية في الاندلس بعد سقوط غرناطة